| 000 | 00498cam a22001697 4500 | ||
|---|---|---|---|
| 001 | ltf91007873 | ||
| 003 | DLC | ||
| 005 | 20260227111551.0 | ||
| 008 | 910219s1938 ne 000 0 dut | ||
| 010 | _altf91007873 | ||
| 040 |
_aDLC _cDLC _dDLC |
||
| 050 | 0 | 0 | _a4JS Neth 1 |
| 110 | 1 | _aGroningen (Netherlands : Province) | |
| 245 | 1 | 0 | _aRegister op de besluiten der staten van de Provincie Groningen van 1917-1936. |
| 260 |
_aGroningen, _bDrukkerij Gebroeders Hoitsema, _c1938. |
||
| 300 | _a411 p. | ||
| 999 |
_c37457 _d37457 |
||